| Tag |
First Indicator |
Second Indicator |
Subfields |
| LEADER |
00000cam a22000004a 4500 |
| 001 |
in00002783344 |
| 005 |
20150922144755.0 |
| 008 |
110823s2012 it a b 000 0 eng d |
| 015 |
|
|
|a GBB1A3519
|2 bnb
|
| 020 |
|
|
|a 9788857204727 (pbk.)
|
| 020 |
|
|
|a 8857204723 (pbk.)
|
| 029 |
1 |
|
|a AU@
|b 000050028564
|
| 029 |
1 |
|
|a AU@
|b 000050090473
|
| 029 |
1 |
|
|a NZ1
|b 14514578
|
| 035 |
|
|
|a (OCoLC)ocn795597558
|
| 035 |
|
|
|a (OCoLC)795597558
|
| 040 |
|
|
|a NLE
|c NLE
|d YDXCP
|d YNK
|d OCLCO
|d COO
|d C3L
|d NDD
|d UtOrBLW
|
| 049 |
|
|
|a TXAM
|
| 050 |
1 |
4 |
|a NA680
|b .M67 2012
|
| 082 |
0 |
4 |
|a 724.7
|2 23
|
| 100 |
1 |
|
|a Mosco, Valerio Paolo.
|
| 245 |
1 |
0 |
|a Naked architecture /
|c Valerio Paolo Mosco.
|
| 264 |
|
1 |
|a Milan :
|b Skira,
|c 2012.
|
| 300 |
|
|
|a 319 pages :
|b color illustrations ;
|c 21 cm.
|
| 336 |
|
|
|a text
|b txt
|2 rdacontent
|
| 337 |
|
|
|a unmediated
|b n
|2 rdamedia
|
| 338 |
|
|
|a volume
|b nc
|2 rdacarrier
|
| 504 |
|
|
|a Includes bibliography (pages 313-317).
|
| 650 |
|
0 |
|a Architecture, Modern
|y 20th century.
|
| 650 |
|
0 |
|a Architecture, Modern
|y 21st century.
|
| 650 |
|
0 |
|a Architecture
|x Aesthetics.
|
| 650 |
|
0 |
|a Structural analysis (Engineering)
|
| 938 |
|
|
|a YBP Library Services
|b YANK
|n 6891927
|
| 938 |
|
|
|a YBP Library Services UK
|b YBPK
|n 6891927
|
| 938 |
|
|
|a Casalini Libri
|b CASA
|n 11163666
|c 34.00 EUR
|
| 947 |
|
|
|a A14836005904
|
| 945 |
|
|
|a PromptCat
|b 99174
|
| 946 |
|
|
|a stk
|
| 994 |
|
|
|a 92
|b TXA
|
| 948 |
|
|
|a Cataloged
|b h
|c 2012/11/21
|d c
|e EGrant
|
| 999 |
|
|
|a MARS
|
| 999 |
f |
f |
|s 2fe8ff9d-6faf-35c3-ae47-7695e2ce6c3f
|i 6446e9de-ba94-3663-baeb-269e2b06ef9f
|t 0
|
| 952 |
f |
f |
|p normal
|a Texas A&M University
|b College Station
|c Sterling C. Evans Library
|d Evans: Library Stacks
|t 0
|e NA680 .M67 2012
|h Library of Congress classification
|i unmediated -- volume
|m A14836005904
|
| 998 |
f |
f |
|a NA680 .M67 2012
|t 0
|l Evans: Library Stacks
|